000 00205nam a2200085Ia 4500
008 120527s9999 xx 000 0 und d
100 _aStull, T. Adnrew
245 _aLife on the internet Biology
942 _cBK
999 _c27340
_d27340